[Event "Pokal 2022"]
[Site "Turnierstufe"]
[Date "2022.06.28"]
[Round "Viertelfinale"]
[White "Sapphire II"]
[Black "Milano"]
[Result "1-0"]
[BlackElo "2040"]
[WhiteElo "2147"]

1.e4 e6 2.d4 d5 3.Nd2 c5 4.exd5 Qxd5 5.Ngf3 cxd4 6.Bc4 Qd6 7.O-O Nf6 8.Nb3
Nc6 9.Nbxd4 Nxd4 10.Nxd4 a6 { Buchende. } 11.Re1 { Buchende. } 11...Be7
12.Nf3 b5 13.Qxd6 Bxd6 14.Bd3 Bb7 15.Ne5 Nd5 16.Bd2 f6 17.Ng4 Kd7 18.Rad1
Rac8 19.Ne3 Nf4 20.Ba5 Nxd3 21.Rxd3 Rc6 22.Red1 Ke7 23.a4 Rhc8 24.h3 bxa4 $4
{ (+0.21) } 25.Rxd6 $1 { (+3.34) } 25...Rxd6 26.Bb4 Bd5 27.c4 Kd7 28.Bxd6
Kxd6 29.cxd5 Rb8 30.Nc4+ Kc5 31.dxe6 $4 { (+2.80) } 31...Kxc4 32.f4 Rxb2
33.Re1 Rb8 34.Ra1 f5 35.Rxa4+ Kb5 36.Ra2 Re8 37.Re2 g6 38.e7 Kc5 39.Kf2 Kb4
40.Re5 a5 41.Ke3 a4 42.Kd2 Kb3 43.Kc1 h6 44.Kb1 Ka3 45.g4 Rb8+ $2 46.Kc2 Rc8+
47.Kd3 Re8 48.gxf5 gxf5 49.Kc4 Kb2 50.Kb4 a3 51.Re2+ Kc1 52.Kxa3 Kd1 53.Re5
Kc2 54.Kb4 Kd2 55.Kc5 Kd3 56.Kd6 Kc4 { und Aufgabe. } 1-0

[Event "Pokal 2022"]
[Site "Turnierstufe"]
[Date "2022.06.29"]
[Round "Viertelfinale"]
[White "Magellan"]
[Black "Genius Pro"]
[Result "1-0"]
[BlackElo "2299"]
[WhiteElo "2239"]

1.e4 c5 2.Nf3 Nc6 3.d4 cxd4 4.Nxd4 Nf6 5.Nc3 d6 6.Bc4 { Buchende. } 6...Qb6
{ Buchende. } 7.Bb5 a6 8.Ba4 Bd7 9.Nxc6 Bxc6 10.Qd3 Bxa4 11.Nxa4 Qc6 12.Nc3
g6 13.O-O Rc8 14.Be3 Bg7 15.Bd4 O-O 16.f3 Rfe8 17.Rad1 Qc4 18.e5 dxe5 19.Bxe5
Qb4 20.Rd2 e6 21.Rfd1 Qa5 22.Qd4 Ne4 { Nicht der beste Zug. } 23.Bxg7 Nxd2
{ Erneut nicht der beste ... } 24.Bh6 Nxf3+ 25.gxf3 e5
{ Der zweitbeste Zug. } 26.Qd6 { Besser 26.Dh4. } 26...Re6 27.Qd7 Qb6+ 28.Kg2
Qc6 29.Ne4 Qxd7 30.Rxd7 Rec6 31.Kh3 b5 32.c3 a5 33.a3 b4 34.cxb4 axb4 35.axb4
Rb8 36.b5 Re6 37.Nd6 Rf6 38.Kg3 Re6 39.Nxf7 g5 40.Bxg5 Rxb5 41.Nh6+ Kf8 42.h4
Rxb2 43.Rf7+ Ke8 44.Rxh7 Rb5 45.Kg4 Ra6 46.Ng8 Ra4+ 47.Kh3 Ra6 48.Nf6+ Kd8
49.Ng4+ Kc8 50.Re7 Raa5 51.Bf6 e4 52.fxe4 Rb3+ 53.Kg2 Raa3 54.Be5 Kd8 55.Rg7
Ra2+ 56.Nf2 Rb5 57.Bf4 Ke8 58.Kf3 Rb3+ 59.Be3 Kf8 60.Rc7 Ke8 61.h5 Raa3
62.Ng4 Rc3 63.Rg7 Kf8 64.h6 Rxe3+ 65.Nxe3 Ra6 66.Nf5 Rxh6 67.e5 $5
{ Magellan macht's komplizierter. } 67...Re6 68.Ke4 Rb6 69.Ra7 Rb1 70.e6 Re1+
71.Kd5 Kg8 72.Rg7+ Kh8 73.e7 Re5+ { Pattfalle. } 74.Kd6 Rd5+ 75.Ke6 Re5+
76.Kf6 Re6+ 77.Kg5 Re5 78.Rg6 Kh7 79.Kf6 { Mattankündigung. } 79...Re6+
80.Kxe6 Kxg6 81.e8=Q+ Kg5 82.Qa4 Kg6 83.Qg4+ Kh7 84.Qg7# 1-0

[Event "Pokal 2022"]
[Site "Turnierstufe"]
[Date "2022.07.02"]
[Round "Viertelfinale"]
[White "Master Chess"]
[Black "Super Mondial II"]
[Result "1-0"]
[BlackElo "1973"]
[WhiteElo "2136"]

1.c4 e5 2.Nc3 Nf6 3.Nf3 Nc6 4.d4 e4 5.Nd2 Bb4 6.e3 O-O { Buchende. } 7.Be2
{ Buchende. } 7...d6 8.O-O Bf5 9.Qb3 Rb8 10.d5 Bxc3 11.Qxc3 Ne5 12.a4 c6
13.dxc6 bxc6 14.b4 Nd3 15.Ba3 Qe7 16.f3 Ne5 17.fxe4 Nxe4 18.Nxe4 Bxe4 19.b5
c5 20.a5 f5 21.Rad1 Qg5 22.Rf2 Rbd8 23.b6 Rf7
{ Bis jetzt konnte Master Chess seine taktische Überlegenheit nicht zeigen,
aber jetzt: } 24.Rxd6 $1 Rxd6 25.Qxe5 Qf6 26.Qxf6 Rdxf6 27.Bxc5 Rc6 28.Bd4
axb6 29.axb6 { Weiß hat zwei verbundene Freibauern und Läufer für den Turm. }
29...Rf8 30.c5 Rg6 31.Bc4+ Kh8 32.g3 Ra8 33.Rd2 h5 34.Bd3 Bxd3 35.Rxd3 Rb8
36.Kf2 Rc6 37.Ra3 Rb7 38.Kf3 Kh7 39.Kf4 Kg6 40.Ra7 Rxa7 41.bxa7 Rc8 42.c6 Ra8
43.Ke5 h4 44.Kd6 hxg3 45.hxg3 f4 46.exf4 Rd8+ 47.Kc7 Rxd4 { und Aufgabe. }
1-0

[Event "Pokal 2022"]
[Site "Turnierstufe"]
[Date "2022.07.05"]
[Round "Halbfinale"]
[White "Magellan"]
[Black "Master Chess"]
[Result "1-0"]
[BlackElo "2142"]
[WhiteElo "2251"]

1.d4 e6 2.c4 Nf6 3.g3 d5 4.Nf3 dxc4 5.Qa4+ Nbd7 6.Qxc4 a6 7.Bg2 { Buchende. }
7...c5 { Buchende. } 8.O-O b5 9.Qc3 Bb7 10.Bg5 Rc8 11.Nbd2 Be7 12.dxc5 Nxc5
13.Rad1 O-O 14.Qe5 Ncd7 15.Qd4 h6 16.Bh4 $5
{ Weiss erwartet 16....g5 und lässt sich auf ein fragwürdiges Figurenopfer
ein, aber Schwarz spielt anders: } 16...Qa5 17.Bxf6 Nxf6 18.a3 Rc2 19.Nb3 Qa4
20.Na1 Qxd4 21.Nxd4 Bxg2 22.Naxc2 Bxf1 23.Kxf1 Rc8 24.Ne3 Rd8 25.Nc6 Rxd1+
26.Nxd1 Bd6 27.Nc3 Kf8 28.e4 Nd7 29.Ke2 Ke8 30.f4 e5 31.Nd5 exf4 32.gxf4 Nf8
33.e5 Kd7 34.Nd4 Bc5 35.Kd3 Ne6 36.Nxe6 Kxe6 37.Ke4 Kd7 38.b4 Bf2 39.f5 Bh4
40.Nf4 Bg5 41.Nd3 Kc6 42.e6 fxe6
{ Master Chess verwirft nach sehr langer Bedenkzeit den Fehlzug 42....f6?
zugunsten des Textzuges. } 43.fxe6 Kd6 44.Kf5 Ke7 45.Nc5 Bc1 46.Nxa6 Bxa3
47.Nc7 Kf8 48.Nd5 Bb2 49.h3 Bd4 50.Nc7 Bf2 51.Kg6 Bg3 $2 52.Nd5 $1 Bd6 53.e7+
Bxe7 54.Nxe7 Kxe7 55.Kxg7 h5 56.h4 Kd6 57.Kh6 Ke6 58.Kxh5 Kf5 59.Kh6 Kf6
60.h5 Kf7 61.Kg5 Kg8 62.Kf6 Kh8 63.Ke7 Kg8 64.Kd6 { usw. } 1-0

[Event "Pokal 2022"]
[Site "Turnierstufe"]
[Date "2022.07.07"]
[Round "Halbfinale"]
[White "Reflection II 1.7 GHz Fidelity V2"]
[Black "Sapphire II"]
[Result "1-0"]
[BlackElo "2154"]
[WhiteElo "2317"]

1.d4 Nf6 2.Nf3 d5 3.c4 c6 4.Nc3 dxc4 5.a4 Bf5 6.e3 e6 7.Bxc4 Bb4 8.O-O Nbd7
9.Nh4 Bg6 10.g3 O-O { Buchende. } 11.Qb3 Qb6 12.Nxg6 hxg6 13.Rd1 c5 14.d5
exd5 15.Nxd5 Nxd5 16.Rxd5 Qc7 17.Rd1 Nb6 18.Bd3 a5 19.Qc2 Rad8 20.b3 Rd7
21.e4 Qd6 22.Be3 Qe5 23.Rac1 Rfd8 24.Bb5 Rxd1+ 25.Rxd1 Qe7 26.Rxd8+ Qxd8
27.Bf4 Qf6 28.Kg2 Qd4 29.Be3 Qd6 30.f4 Qe7 31.Qd3 Kh8 32.e5 g5 33.Qd6 Qe6
34.Qd8+ ( 34.f5 { HIARCS 14 WCSC: +3.64/20 } 34...Qd5+ 35.Kh3 Qxd6 36.exd6 f6
{ ... } ) 34...Kh7 35.Qxg5 Qd5+ 36.Kf2 Qd1 $2 37.Qf5+ Kg8 38.e6 Be1+ 39.Kg2
Qd5+ 40.Qxd5 Nxd5 41.exf7+ Kxf7 42.Bc4 Ke6 43.Bxc5 b6 44.Bf8 Kf7 45.Ba3 Ke6
46.Kf3 g5 47.Ke4 gxf4 48.Bxd5+ { (+6.44) } 48...Kd7 { (-5.84) } 49.Kxf4 Bd2+
{ und Aufgabe. } 1-0

[Event "Pokal 2022"]
[Site "Turnierstufe"]
[Date "2022.07.08"]
[Round "Finale"]
[White "Magellan "]
[Black "Reflection II 1.7GHz Fidelity V2"]
[Result "0-1"]
[BlackElo "2323"]
[WhiteElo "2258"]

1.e4 c5 2.Nf3 Nc6 3.d4 cxd4 4.Nxd4 e5 5.Nb5 a6 6.Nd6+ Bxd6 7.Qxd6 Qf6 8.Qd1
Qg6 9.Nc3 Nge7 10.h4 h5 11.Bg5 d5 12.exd5 Nb4 13.Bxe7 Kxe7 14.d6+ Kd8 15.Bd3
Nxd3+ 16.Qxd3 { Buchende. } 16...Qxd3 17.cxd3 Bf5 { Buchende. } 18.Nd5 Rh6
19.Ne3 Bxd3 20.Rd1 Rxd6 21.Nf5 Rd7 22.Nxg7 Bg6 23.g4 $5 hxg4 24.Rxd7+ Kxd7
25.h5 Rc8 26.Rh4 Rc1+ 27.Kd2 Rc2+ 28.Ke3 Bh7 29.Rxg4 Rxb2 30.Ra4 Ke7 31.h6
Kf6 32.Ra5 Kg5 { Besser ist 32....Kg6. } 33.Rxe5+ Kxh6 34.Nf5+ Bxf5 35.Rxf5
Rxa2 36.Rxf7 b5 37.Ke4 Kg6 38.Ra7 b4 39.f4 a5 40.f5+ Kg5 41.Ke5
{ (-1.3) Besser: 41.Tg7. } 41...b3 { (+2.00) } 42.Rg7+ Kh6 43.Rg1 a4 44.f6
Rf2 45.Rh1+ Kg6 46.Rg1+ Kf7 47.Rg7+ { (-2.2) } 47...Kf8 { (+3.12) } 48.Rb7 b2
49.Rb8+ Kf7 50.Rb7+ Kg6 51.Rg7+ Kh6 52.Rg1 a3 53.Rh1+ Kg5 54.Rg1+ Kh4 55.Rh1+
Kg3 56.Rg1+ Kh2 57.Rg8 b1=Q 58.Rh8+ Kg2 59.Rg8+ Kf1 0-1